000
00273nam a2200133Ia 4500
100
_a
Kelkar & Desphande
942
_c
BK
654
_a
calculus
245
_a
Calculus
260
_b
Ideal Book Service
_a
Bombay
_c
2001
082
_a
515
300
_a
322
546
_a
ENGLISH
999
_c
31951
_d
31951